书目信息 |
| 题名: |
香港文学史
|
|
| 作者: | 刘登翰 主编 | |
| 分册: | ||
| 出版信息: | 北京 人民文学出版社 1999.04 |
|
| 页数: | 759页 | |
| 开本: | 32开 | |
| 丛书名: | ||
| 单 册: | ||
| 中图分类: | I209.965.8 | |
| 科图分类: | ||
| 主题词: | 文学--中国 | |
| 电子资源: | ||
| ISBN: | 7-02-002765-2 | |
| 000 | 00552nam0 2200193 45 | |
| 001 | 0010221160 | |
| 005 | 20001022111205.5 | |
| 010 | @a7-02-002765-2@d29.60元 | |
| 100 | @a20001022d1999 km y0chiy0120 ea | |
| 101 | 0 | @achi |
| 105 | @a z 000yy | |
| 200 | 1 | @a香港文学史@AXiang Gang Wen Xue Shi@f刘登翰主编@FLiu Deng Han Zhu Bian |
| 210 | @a北京@c人民文学出版社@d1999.04 | |
| 215 | @a759页@d32开 | |
| 606 | 0 | @a文学@x中国 |
| 690 | @aI209.965.8@v3 | |
| 701 | 0 | @a刘登翰@4主编 |
| 801 | @aCN@bPftUser@c20001022 | |
| 905 | @b181998-002@dI209.965.8@eL290@f5 | |
| 香港文学史/刘登翰主编.-北京:人民文学出版社,1999.04 |
| 759页;32开 |
| ISBN 7-02-002765-2:29.60元 |
| ● |
| 相关链接 |
|
|
|
正题名:香港文学史
索取号:I209.965.8/L290
 
预约/预借
| 序号 | 登录号 | 条形码 | 馆藏地/架位号 | 状态 | 备注 |
| 1 | 181998 | 201819988 | 社科二线400B/400B社科库 12排1列4层/ [索取号:I209.965.8/L290] | 在馆 | |
| 2 | 181999 | 201819997 | 文学库108/108文学库 12排2列5层/ [索取号:I209.965.8/L290] | 在馆 | |
| 3 | 182000 | 201820002 | 社科二线422/422社科库 49排6列3层/ [索取号:I209.965.8/L290] | 在馆 | |
| 4 | 182001 | 201820011 | 文学库108/108文学库 12排2列5层/ [索取号:I209.965.8/L290] | 在馆 | |
| 5 | 182002 | 201820020 | 数理学院资料室/ [索取号:I209.965.8/L290] | 在馆 |